MARC

LEADER 00000nam0a2200000 4500
001 360867
005 20231102011330.0
035 |a (RuTPU)RU\TPU\retro\18193 
090 |a 360867 
100 |a 20210517d1973 km y0rusy50 ca 
101 0 |a rus 
102 |a RU 
105 |a a z 001zy 
200 1 |a Вопросы обработки металлов резанием  |e сборник научных статей  |f Ивановский энергетический институт 
210 |a Иваново  |c [Б. и.]  |d 1973 
215 |a 128 с.  |c ил. 
320 |a Библиография в конце статей 
606 1 |a Обработка металлов резанием  |x Процессы  |2 stltpush  |3 (RuTPU)RU\TPU\subj\46593  |9 65713 
610 1 |a металлы 
610 1 |a резание 
610 1 |a теория 
610 1 |a методология 
610 1 |a прогрессивные методы 
610 1 |a смазочно-охлаждающие жидкости 
610 1 |a применение 
610 1 |a режущий инструмент 
610 1 |a работоспособность 
610 1 |a проектирование 
610 1 |a анализ 
610 1 |a металлорежущие станки 
610 1 |a конструирование 
610 1 |a эксплуатация 
675 |a 621.91.01  |v 4 
712 0 2 |a Ивановский энергетический институт  |c (1930-1992)  |2 stltpush  |3 (RuTPU)RU\TPU\col\6341  |9 24234 
801 1 |a RU  |b 63413507  |c 20210517 
801 2 |a RU  |b 63413507  |c 20210914  |g RCR 
942 |c BK